3 Biggest Cities in each Region of Fiji - Statistics

General Stats
  • This quiz has been taken 3 times
  • The average score is 19 of 45
Answer Stats
Region + Rank Population City % Correct
Rewa 1 204,521 Suva
100%
Ba 3 20,147 Ba
67%
Naitasiri 3 447 Kasavu
67%
Macuata 1 33,119 Labasa
67%
Rewa 2 25,305 Lami
67%
Ba 1 74,115 Lautoka
67%
Rewa 3 1,206 Naboro
67%
Ba 2 56,862 Nadi
67%
Naitasiri 2 728 Naqali
67%
Naitasiri 1 105,396 Nasinu
67%
Tailevu 1 42,106 Nausori
67%
Rotuma 1 458 Ahau
33%
Macuata 2 1,398 Bulileka
33%
Ra 2 356 Drauniivi
33%
Serua 3 340 Galoa
33%
Nadroga-Navosa 3 2,280 Korotogo
33%
Tailevu 3 592 Lawaki
33%
Lomaiviti 1 1,490 Levuka
33%
Lau 3 429 Lomaloma
33%
Bua 1 386 Nabouwalu
33%
Namosi 1 810 Nabukavesi
33%
Lomaiviti 3 326 Nabuna
33%
Cakaudrove 3 311 Naidi
33%
Bua 2 334 Nakawakawa
33%
Kadavu 2 528 Nalotu
33%
Ra 3 198 Namara
33%
Namosi 2 215 Namosi
33%
Lau 2 541 Naroi
33%
Lomaiviti 2 503 Nasaga
33%
Serua 1 8,441 Navua
33%
Namosi 3 154 Navunikabi
33%
Bua 3 266 Ndalomo
33%
Serua 2 4,738 Pacific Harbour
33%
Rotuma 2 370 Rotuma
33%
Cakaudrove 1 4,512 Savusavu
33%
Macuata 3 637 Seaqaqa
33%
Nadroga-Navosa 1 18,962 Sigatoka
33%
Cakaudrove 2 705 Somosomo
33%
Rotuma 3 160 Sumi
33%
Kadavu 3 375 Tavuki
33%
Lau 1 855 Tubou
33%
Ra 1 5,029 Vaileka
33%
Tailevu 2 3,079 Verate
33%
Nadroga-Navosa 2 2,656 Voua
33%
Kadavu 1 2,106 Vunisea
33%
No matching quizzes found
Score Distribution
Percent of People with Each Score
Percentile by Number Answered
Your Score History
You have not taken this quiz